Fr. Conceicao Rodrigues College of Engineering

Neural Networks:A comprehensive foundation (Record no. 22746)

MARC details
000 -LEADER
fixed length control field 00315nam a2200145Ia 4500
082 ## - DEWEY DECIMAL CLASSIFICATION NUMBER
Classification number 4.65
Item number HAY
100 ## - MAIN ENTRY--PERSONAL NAME
Personal name Haykin/Simons
250 ## - EDITION STATEMENT
Edition statement 2
245 ## - TITLE STATEMENT
Title Neural Networks:A comprehensive foundation
260 ## - PUBLICATION, DISTRIBUTION, ETC.
Name of publisher, distributor, etc. Pearson Education
Date of publication, distribution, etc. 1999
300 ## - PHYSICAL DESCRIPTION
Extent 842
546 ## - LANGUAGE NOTE
Language note ENGLISH
654 ## - SUBJECT ADDED ENTRY--FACETED TOPICAL TERMS
Focus term Neural
942 ## - ADDED ENTRY ELEMENTS (KOHA)
Koha item type BOOK
Holdings
Withdrawn status Lost status Damaged status Not for loan Collection Home library Current library Date acquired Total Checkouts Full call number Barcode Date last seen Price effective from Koha item type
        CRC Fr. Agnel's C.Rodrigues College of Engineering Fr. Agnel's C.Rodrigues College of Engineering 17/03/2023   4.65 HAY 14785 17/03/2023 17/03/2023 BOOK
        CRC Fr. Agnel's C.Rodrigues College of Engineering Fr. Agnel's C.Rodrigues College of Engineering 17/03/2023   4.65 HAY 14786 17/03/2023 17/03/2023 Reference Book